| 000 | 01014nac a22002651u 4500 | ||
|---|---|---|---|
| 020 | _a0718604776 | ||
| 082 | 0 | 0 |
_a617 _bB1541 |
| 090 |
_c3632 _d3632 |
||
| 100 | _aBailey, Hamilton, | ||
| 245 | 1 | 0 | _aBailey & Love's Short practice of surgery,2 |
| 250 |
_a19th ed. / _b revised by A.J. Harding Rains and H. David Ritchie. |
||
| 260 |
_aLondon : _bH. K. Lewis,1984 _c1984. |
||
| 300 |
_aix,1301p. : _b ill(some col.), forms ; _c 26cm. |
||
| 500 | _aIncludes index. | ||
| 500 | _aPrevious ed.: 1981. | ||
| 500 | _aDonations | ||
| 504 | _aDonations-Bibliotheca Alexandrina | ||
| 650 | 0 | _aSurgery. | |
| 650 | 0 |
_aMedicine _x Surgery |
|
| 700 | 1 |
_aLove, R. J. McNeill _q(Robert John McNeill), _d1891- |
|
| 740 | 0 | _aShort practice of surgery. | |
| 942 |
_cBB _k617B1541 |
||
| 999 |
_c3632 _d3632 |
||